00377nam a2200169Ia 4500003000400000005001700004008004100021020001600062040000700078041000800085082001300093100002100106245002400127260002800151300001400179365001400193OSt20230504093425.0210423s2002 xx 000 0 und d a12896578201 cAL aeng a576 HARS aHARDY (Simon P). aHuman microbiology. aLondonbRoutledgec2002 ax,261bPB b1374cINR